Data structures using C (Record no. 386639)

MARC details
000 -LEADER
fixed length control field 00539 a2200205 4500
005 - DATE & TIME
control field 20250509105305.0
008 - FIXED-LENGTH DATA ELEMENTS--GENERAL INFORMATION
fixed length control field 250507b |||||||| |||| 00| 0 eng d
020 ## - ISBN
International Standard Book Number 9788131792544
Price Rs. 580.00
040 ## - CATALOGING SOURCE
Original cataloging agency VIVEKANANDA LIBRARY
082 ## - DDC NUMBER
Classification number 005.73
Book Number S23D(2)
100 ## - MAIN ENTRY--PERSONAL NAME
Personal name Sharma, A K
245 ## - TITLE STATEMENT
Title Data structures using C
250 ## - EDITION STATEMENT
Edition statement 2nd
260 ## - PUBLICATION, DISTRIBUTION, ETC. (IMPRINT)
Name of publisher, distributor, etc Pearson India Education Services
Place of publication, distribution, etc Noida
Date of publication, distribution, etc 2024
300 ## - PHYSICAL DESCRIPTION
Pages xii, 504
650 ## - Subject
Subject Computer Science
650 ## - Subject
Subject Computer Programming Language
650 ## - Subject
Subject Data Structures
942 ## - ADDED ENTRY ELEMENTS (KOHA)
Koha item type Books
Holdings
Withdrawn status Lost status Source of classification or shelving scheme Damaged status Not for loan Location (home branch) Sublocation or collection (holding branch) Shelving location Date acquired Koha issues (times borrowed) Koha full call number Accession No. Koha date last seen Koha item type
    Dewey Decimal Classification     VIVEKANANDA LIBRARY VIVEKANANDA LIBRARY UIET Library 25/02/2025 6 005.73 S23D(2) 430917 24/02/2026 Books
© Designed and Maintained by Vivekananda Library, MDU Rohtak